000 00586nam a2200181Ia 4500
001 25384
005 20260414151146.0
008 260414t2024||||xx |||||||||||||| ||spa||
041 _aESP
082 _a346.5
_bL69 V. 2
100 _aLizárraga Ugarte, William R.,
_eAUT
245 0 _aRepensando la responsabilidad precontractual en el civil law y el common law :
_bulpa in contrahendo, promissory estoppel y la misrepresentation como pilares jurídicos
260 _c2024
300 _apáginas 455-1097 :
_c21 cm.
650 _aDER
654 _aCDE
942 _cLIB
_dJUS
_fJUS
_2ddc
_n
999 _c25384
_d25384